Statistics for American and Oceanian Countries by Year of Independence

Click here to take the quiz!

General Stats

  • This quiz has been taken 30 times
    (21 since last reset)
  • The average score is 13 of 49

Answer Stats

HintAnswer% Correct
1776United States of America
93%
1810Chile
67%
1804Haiti
60%
1810Colombia
53%
1821Costa Rica
40%
1811Paraguay
40%
1811Venezuela
40%
1825Bolivia
33%
1822Brazil
33%
1902Cuba
33%
1821El Salvador
33%
1821Guatemala
33%
1821Honduras
33%
1810Mexico
33%
1821Nicaragua
33%
1994Palau
33%
1821Peru
33%
1825Uruguay
33%
1981Antigua and Barbuda
27%
1816Argentina
27%
1901Australia
27%
1981Belize
27%
1867Canada
27%
1822Ecuador
27%
1962Jamaica
27%
1973Bahamas
20%
1966Barbados
20%
1844Dominican Republic
20%
1907New Zealand
20%
1903Panama
20%
1962Samoa
20%
1962Trinidad and Tobago
20%
1978Tuvalu
20%
1980Vanuatu
20%
1978Dominica
13%
1970Fiji
13%
1966Guyana
13%
1979Kiribati
13%
1986Micronesia
13%
1975Papua New Guinea
13%
1979Saint Vincent and the Grenadines
13%
1978Solomon Islands
13%
1970Tonga
13%
1974Grenada
7%
1968Nauru
7%
1983Saint Kitts and Nevis
7%
1979Saint Lucia
7%
1975Suriname
7%
1986Marshall Islands
0%

Score Distribution

Percentile by Number Answered

Percent of People with Each Score

Your Score History

You have not taken this quiz since the last reset